| 000 | 00639nam a2200229Ia 4500 | ||
|---|---|---|---|
| 003 | OSt | ||
| 005 | 20221007071454.0 | ||
| 006 | a|||||r|||| 00| 0 | ||
| 007 | ta | ||
| 008 | 221006b |||||||| |||| 00| 0 eng d | ||
| 024 | _a10,056 | ||
| 037 | _cReference Collections | ||
| 040 |
_aFLL _cFLL _beng |
||
| 041 |
_2eng _aeng |
||
| 082 | _aZ0ay, M4 | ||
| 100 |
_aCotterrell Roger Au. _9688841 |
||
| 245 | 0 |
_aSociology of law _b An introduction |
|
| 260 |
_aLondon _bButterworths London _c1984 |
||
| 300 |
_a409p _ccm. |
||
| 942 |
_hZ0ay, M4 _cREF _2CC |
||
| 999 |
_c1143439 _d1143439 |
||